01044cam a22003375a 4500001001000000003000300010005001700013008004100030010001700071015001900088016001800107020001500125020001800140040001600158042001100174082001900185100003700204245003900241260003700280300002600317490002800343500003200371650003100403650002100434650003600455651001000491653002400501942002300525999001700548952014100565006936884Uk20160926140032.0031229r20051795nyu gr 000 0 eng d a 2003070117 aGBA4Y40562bnb7 a0069368842Uk a1602067457 a9781602067455 aStDuBDSdUk aukblsr04222a211.5bPAI1 aPaine, Thomasd1737-1809.91082014aThe age of reason /cThomas Paine  aNew York :bCosimo, Inc.,c2005. avii, 208 p. ;c21 cm.0 aCosimo classics histroy aOriginally published: 1795. 7aRationalism.2BUEsh910821 7aTheology.941241 7aPhilosophy and religion.941242 2BUEsh bGGENcSeptember2016 2ddce22k211.5 PAI c22411d22383 00102ddc40708BaccahaMAINbMAINcLOWd2016-09-26ePurchaseg390.00l2m12o211.5 PAIp000033504r2025-07-15 00:00:00s2017-10-22yBB